Science, technology, and society/ (Record no. 3427)

MARC details
000 -LEADER
fixed length control field 00740nam a22002177a 4500
003 - CONTROL NUMBER IDENTIFIER
control field OSt
005 - DATE AND TIME OF LATEST TRANSACTION
control field 20250707080637.0
008 - FIXED-LENGTH DATA ELEMENTS--GENERAL INFORMATION
fixed length control field 250707b |||||||| |||| 00| 0 eng d
020 ## - INTERNATIONAL STANDARD BOOK NUMBER
International Standard Book Number 9787912386718
040 ## - CATALOGING SOURCE
Original cataloging agency DWCL - Main lib
Transcribing agency OC
082 ## - DEWEY DECIMAL CLASSIFICATION NUMBER
Classification number Fil. 303.43 S416 2018
100 ## - MAIN ENTRY--PERSONAL NAME
Personal name Serafica, Janice Patria Javier
245 ## - TITLE STATEMENT
Title Science, technology, and society/
Statement of responsibility, etc. Janice Patria Javier Serafica
250 ## - EDITION STATEMENT
Edition statement First edition.
260 ## - PUBLICATION, DISTRIBUTION, ETC.
Place of publication, distribution, etc. Manila :
Name of publisher, distributor, etc. Rex Book Store,
Date of publication, distribution, etc. c2018.
300 ## - PHYSICAL DESCRIPTION
Extent vi, 184 pages :
Other physical details illustrations ;
Dimensions 26cm.
504 ## - BIBLIOGRAPHY, ETC. NOTE
Bibliography, etc. note Includes bibliographical references and index.
650 ## - SUBJECT ADDED ENTRY--TOPICAL TERM
Topical term or geographic name entry element 1. Development of science and technology.
700 ## - ADDED ENTRY--PERSONAL NAME
Personal name [and three others]
942 ## - ADDED ENTRY ELEMENTS (KOHA)
Source of classification or shelving scheme Dewey Decimal Classification
Koha item type Book-Filipiniana
Edition First edition.
Call number prefix Fil.
Suppress in OPAC No
952 ## - LOCATION AND ITEM INFORMATION (KOHA)
--
952 ## - LOCATION AND ITEM INFORMATION (KOHA)
--
952 ## - LOCATION AND ITEM INFORMATION (KOHA)
--
Holdings
Withdrawn status Lost status Source of classification or shelving scheme Damaged status Not for loan Home library Current library Shelving location Date acquired Source of acquisition Cost, normal purchase price Total Checkouts Full call number Barcode Date last seen Copy number Price effective from Koha item type Uniform Resource Identifier
    Dewey Decimal Classification     College Library College Library Filipiniana 07/03/2018 School Fund 248.00   Fil. 303.43 S416 2018 CL51790 07/07/2025 c3 07/07/2025 BK - FIL
    Dewey Decimal Classification     College Library College Library Filipiniana 07/03/2018 School Fund 248.00   Fil. 303.43 S416 2018 CL51789 07/07/2025 c2 07/07/2025 BK - FIL
    Dewey Decimal Classification     College Library College Library Filipiniana 07/03/2018 School Fund 248.00   Fil. 303.43 S416 2018 CL51788 07/07/2025 c1 07/07/2025 BK - FIL